000 00441nam a2200181Ia 4500
001 9457
005 20260306161720.0
008 260306t1997||||xx |||||||||||||| ||spa||
041 _aESP
082 _a379.0985
_bZ95
100 _aZúñiga Castillo, Madeleine
_eAUT
245 0 _aInterculturalidad y educación en el Perú
260 _c1997
300 _a68 páginas :
_c
650 _aGEN
654 _aCED
942 _cLIB
_dJUS
_fJUS
_2ddc
_n
999 _c9457
_d9457